| 000 | 01075nam a2200337 i 4500 | ||
|---|---|---|---|
| 001 | C2-0232663 | ||
| 003 | PPAK | ||
| 005 | 20240421112621.0 | ||
| 008 | 010131t20002000my f 001 may d | ||
| 020 |
_a9789836270344 _cRM10.00 (Hadiah) _qpaperback |
||
| 040 |
_aPPAK _beng _cPPAK _erda |
||
| 082 | 0 | 4 |
_a899.23 _223 |
| 082 | 0 | 4 |
_a899.2309 _223 |
| 090 | 0 | 0 |
_a899.23 _bMUH _dG |
| 090 | 2 | 0 |
_a899.23 _bMUH _dKMI |
| 090 | 2 | 0 |
_a899.2309 _bMUH _dKHB |
| 100 | 0 |
_aMuhammad Haji Salleh, _eauthor. _cProf. Emeritus, Dr., _d1942- |
|
| 245 | 1 | 0 |
_aPuitika Sastera Melayu / _cMuhammad Haji Salleh |
| 250 | _aEDISI KHAS SASTERAWAN NEGARA | ||
| 264 | 1 |
_aKuala Lumpur : _bDewan Bahasa dan Pustaka , _c2000 |
|
| 264 | 4 | _c©2000 | |
| 300 |
_axv, 369 pages ; _c20 cm |
||
| 336 |
_2rdacontent _atext |
||
| 337 |
_2rdamedia _aunmediated |
||
| 338 |
_2rdacarrier _avolume |
||
| 500 | _aIncludes index. | ||
| 504 | _aBibliography: pages 349-361. | ||
| 650 | 1 | 0 | _aMalay literature |
| 650 | 2 | 0 |
_aMalay literature _xHistory and criticism |
| 942 |
_cB _2ddc |
||
| 999 |
_c151808 _d151808 |
||